|
|
|
|
| LEADER |
00798cam a2200229 7i4500 |
| 001 |
0000029192 |
| 005 |
20131028090000.0 |
| 020 |
0 |
0 |
|a 9788776940997
|
| 090 |
0 |
0 |
|a VIET 320.540959709044
|b GOS
|
| 100 |
1 |
0 |
|a Goscha
|
| 245 |
1 |
0 |
|a Going Indochinese :
|b contesting concepts of space and place in French Indochina.
|
| 260 |
0 |
0 |
|a Copenhagen, Denmark:
|b NIAS Press,
|c 2012.
|
| 300 |
# |
# |
|a 163 p.
|
| 650 |
0 |
0 |
|a Nationalism --
|z Vietnam
|
| 650 |
0 |
0 |
|a Nationalism --
|z Indochina
|
| 650 |
0 |
0 |
|a Southeast Asia --
|x Colonial influence
|
| 650 |
0 |
0 |
|a Vietnam --
|x Politics and government --
|y 1858 - 1945
|
| 650 |
0 |
0 |
|a Vietnam --
|x Politics and government --
|y 1945 - 1975
|
| 651 |
0 |
0 |
|a Vietnam
|
| 651 |
0 |
0 |
|a Southeast Asia
|
| 651 |
0 |
0 |
|a Indochina
|
| 999 |
|
|
|a B000032609
|b Book
|c Countries
|e Business Information Centre
|